书目信息 |
| 题名: |
言论中国
|
|
| 作者: | 京伍 编 | |
| 分册: | ||
| 出版信息: | 北京 中国检察出版社 1999 |
|
| 页数: | 420页 | |
| 开本: | 20cm | |
| 丛书名: | ||
| 单 册: | ||
| 中图分类: | D602-53 | |
| 科图分类: | ||
| 主题词: | 政论--中国 | |
| 电子资源: | ||
| ISBN: | 7-80086-614-9 | |
| 000 | 00616nam0 2200205 45 | |
| 001 | 0204160865 | |
| 005 | 20031219104054.6 | |
| 010 | @a7-80086-614-9@dCNY24.80 | |
| 100 | @a20020416d1999 km y0chiy0120 ea | |
| 101 | 0 | @achi |
| 105 | @a z 000yy | |
| 200 | 1 | @a言论中国@AYan Lun Zhong Guo@e观点交锋20年@EGuan Dian Jiao Feng 20 Nian@f京伍编@FJing Wu Bian |
| 210 | @a北京@c中国检察出版社@d1999 | |
| 215 | @a420页@d20cm | |
| 517 | @a观点交锋20年@AGuan Dian Jiao Feng 20 Nian | |
| 606 | 0 | @a政论@x中国 |
| 690 | @aD602-53@v4 | |
| 701 | 0 | @a京伍@4编 |
| 801 | @aCN@bTSTC@c20020416 | |
| 905 | @b308230-234@dD602-53@e84@f5 | |
| 言论中国:观点交锋20年/京伍编.-北京:中国检察出版社,1999 |
| 420页;20cm |
| ISBN 7-80086-614-9:CNY24.80 |
| ● |
| 相关链接 |
|
|
|
|
正题名:言论中国
索取号:D602-53/84
 
预约/预借
| 序号 | 登录号 | 条形码 | 馆藏地/架位号 | 状态 | 备注 |
| 1 | 0308230 | 203082305 | 第一借阅区/ [索取号:D602-53/84] | 在馆 | |
| 2 | 0308231 | 203082314 | 第一借阅区/ [索取号:D602-53/84] | 在馆 | |
| 3 | 0308232 | 203082323 | 第一借阅区/ [索取号:D602-53/84] | 在馆 | |
| 4 | 0308233 | 203082332 | 第一借阅区/ [索取号:D602-53/84] | 在馆 | |
| 5 | 0308234 | 203082341 | 第一样本阅览室/ [索取号:D602-53/84] | 在馆 |